Vynálezcovstvo a zlepšovateľstvo v stavebníctve

Uložené v:
Podrobná bibliografia
Hlavný autor: Chaban, Michal (Autor)
Médium: Kniha
Jazyk:Slovak
Vydavateľské údaje: Bratislava : Alfa, 1988
Tagy: Pridať tag
Žiadne tagy, Buďte prvý, kto otaguje tento záznam!

MARC

LEADER 00000nam a22000003a 4500
001 stu27961
005 20150617225740.8
008 950220s1988----xo------------------slo-d
040 |a STU  |b slo 
041 0 |a slo 
044 |a xo 
080 |a 001.894/.895 
080 |a 658.152 
080 |a 330.322.214  |7 stu_us_auth*stu6982 
100 1 |a Chaban, Michal  |4 aut 
245 1 |a Vynálezcovstvo a zlepšovateľstvo v stavebníctve 
260 |a Bratislava :  |b Alfa,  |c 1988 
300 |a 224 s 
996 |b 284V025983  |c V*37318/O-15589  |l VVS  |s A  |a 24  |w stu27961_0001 
996 |b 284V025984  |c V*37319/O-15589a  |l VVS  |s A  |a 24  |w stu27961_0002